header

Suicidal behavior in alcohol and drug abuse and dependence (Record no. 166198)

MARC details
000 -LEADER
fixed length control field 01382nam a2200349Ia 4500
082 04 - DEWEY DECIMAL CLASSIFICATION NUMBER
Classification number 616.85/8445
245 00 - TITLE STATEMENT
Title Suicidal behavior in alcohol and drug abuse and dependence
260 ## - PUBLICATION, DISTRIBUTION, ETC. (IMPRINT)
Place of publication New York :
Name of publisher Nova Science Publishers,
Year of publication c2010.
300 ## - PHYSICAL DESCRIPTION
Number of Pages ix, 539 p. :
Other physical details ill.
490 1# - SERIES STATEMENT
Series statement Psychiatry -- theory, applications, and treatments
650 #0 - SUBJECT ADDED ENTRY--TOPICAL TERM
Topical Term Dual diagnosis.
Topical Term Suicidal behavior.
700 1# - ADDED ENTRY--PERSONAL NAME
Personal name Sher, Leo.
856 40 - ELECTRONIC LOCATION AND ACCESS
Uniform Resource Identifier http://site.ebrary.com/lib/rucke/Doc?id=10659007

No items available.

© 2026 Rongo University
Contact us: librarian | system librarian | Rongo university